Villes du monde au hasard en images - Statistiques

Statistiques générales
  • Ce quiz a été pris 73 fois
    71 depuis la dernière actualisation
  • Le résultat moyen est 4 sur 15
Statistiques - réponses
Par images Réponse % Correct
Amsterdam
100%
Athènes
100%
Las Vegas
100%
Marseille
100%
Moscou
100%
Reykjavik
100%
Rio de Janeiro
100%
San Francisco
100%
Sydney
100%
Tokyo
100%
Venise
100%
Barcelone
86%
Kyoto
86%
Lisbonne
83%
Londres
83%
New York
83%
Bruxelles
80%
Nairobi
75%
Marrakech
71%
Rome
71%
Copenhague
67%
Genève
67%
La Paz
67%
Monaco
67%
Séville
67%
Dubaï
60%
Stockholm
60%
Bratislava
57%
Florence
57%
Brighton
50%
Cordoue
50%
Hô-Chi-Minh-Ville
50%
Katmandou
50%
Madrid
50%
Milan
50%
Osaka
50%
Paris
50%
Riga
50%
Toulouse
50%
Washington
50%
Saint-Pétersbourg
44%
Kuala Lumpur
43%
Budapest
40%
Nice
38%
Astana
33%
Bamako
33%
Bangkok
33%
Hong Kong
33%
Lyon
33%
Pékin
33%
Singapour
33%
Toronto
29%
Belgrade
25%
Bologne
25%
Édimbourg
25%
Grenade
25%
Mexico
25%
Santiago
25%
Bucarest
20%
Manchester
20%
Melbourne
20%
Montréal
20%
Tel Aviv
20%
Bogota
17%
Casablanca
17%
Porto
17%
Glasgow
14%
Séoul
14%
Abidjan
0%
Acapulco
0%
Accra
0%
Addis-Abeba
0%
Alger
0%
Antalya
0%
Anvers
0%
Atlanta
0%
Auckland
0%
Bagdad
0%
Bakou
0%
Bâle
0%
Bombay / Mumbai
0%
Bordeaux
0%
Boston
0%
Brisbane
0%
Buenos Aires
0%
Cagliari
0%
Caracas
0%
Chennai
0%
Cincinnati
0%
Cologne
0%
Colombo
0%
Curitiba
0%
Dacca
0%
Dakar
0%
Dallas
0%
Damas
0%
Doha
0%
Dublin
0%
Düsseldorf
0%
Erevan
0%
Gênes
0%
Hambourg
0%
Houston
0%
Indianapolis
0%
Islamabad
0%
Istanbul
0%
Jakarta
0%
Johannesburg
0%
Kaboul
0%
Kiev
0%
Kinshasa
0%
La Havane
0%
Le Caire
0%
Le Cap
0%
Lima
0%
Liverpool
0%
Los Angeles
0%
Malaga
0%
Managua
0%
Manille
0%
Miami
0%
Montevideo
0%
Montpellier
0%
Munich
0%
Naples
0%
New Delhi
0%
Oslo
0%
Palerme
0%
Parme
0%
Philadelphie
0%
Port Moresby
0%
Quito
0%
Riyad
0%
Rotterdam
0%
San José
0%
Sao Paulo
0%
Shanghai
0%
Sofia
0%
Stuttgart
0%
Sucre
0%
Tachkent
0%
Tegucigalpa
0%
Téhéran
0%
Tunis
0%
Valence
0%
Vancouver
0%
Varsovie
0%
Vienne
0%
Yaoundé
0%
Zagreb
0%
Aucun quiz correspondant
Distribution des résultats
% des personnes avec chaque résultat
Percentile par nombre de réponses
Votre historique - résultats
Vous n’avez pas pris ce quiz depuis la dernière actualisation